Don Quijote de la Mancha
Sábháilte in:
| Príomhchruthaitheoir: | |
|---|---|
| Formáid: | LEABHAR |
| Teanga: | Spáinnis |
| Foilsithe / Cruthaithe: |
Buenos Aires
Espasa-Calpe
1951
|
| Eagrán: | 15a. ed |
| Ábhair: | |
| Clibeanna: |
Cuir clib leis
Níl clibeanna ann, Bí ar an gcéad duine le clib a chur leis an taifead seo!
|
MARC
| LEADER | 00000nam a2200000 a 4500 | ||
|---|---|---|---|
| 001 | UCV9313 | ||
| 003 | CL-VaPUC | ||
| 008 | 920806e19510000AG |||||||||||||||||spa|d | ||
| 082 | 0 | 4 | |a 863 |b CER |2 21 |
| 100 | |a Cervantes y Saavedra, Miguel de |e author |9 267947 | ||
| 245 | 1 | 0 | |a Don Quijote de la Mancha |
| 246 | 1 | 3 | |a El ingenioso Hidalgo don Quijote de la Mancha |
| 250 | |a 15a. ed | ||
| 300 | |a 721 p | ||
| 942 | |c BK | ||
| 945 | |d 19920806 00:00:00 | ||
| 260 | |a Buenos Aires |b Espasa-Calpe |c 1951 | ||
| 650 | 0 | |a Novelas españolas |9 265052 | |
| 583 | |a last modification |c 19920806 00:00:00 |k Rodrigo Vera | ||
| 999 | |c 214673 |d 214671 | ||
| 952 | |0 0 |1 0 |2 ddc |4 0 |6 863_000000000000000_CER_1951 |7 0 |8 P |9 198297 |a BIBARQ |b BIBARQ |d 2019-11-14 |i 2657988 |o 863 CER 1951 |p 2657988 |r 2025-01-20 |w 2019-11-14 |y BK |k ARQ | ||